000 00339nam a22001337a 4500
008 190223b xxu||||| |||| 00| 0 eng d
020 _a0030707196
041 _aeng
080 _a371
100 _a25
101 _aEDU
245 _aCasebook Rhetoric. A Problem-Solving Approach to Composition
_cTedlock, D & Jarvie, P
942 _2udc
_cBK
999 _c54163
_d54163